02462na a2200457 450000100060000000300080000600500170001400800410003103500100007204000250008204100080010708200320011509000310014711000540017822200390023224500570027126000300032830000180035844000500037649000460042650001640047250002630063650502260089961000870112561000470121261000330125961000480129261000500134065000390139065000360142965100780146565100340154365700450157765700350162265700450165770000640170283000190176694200130178595201910179899900150198921531MIRAKIL20181213155226.0170205b tu 000 0  a13036 aMilasbturcTR-AnCHP atur aCHP 338.956622bC36d 1997/9 aCHP 338.956622 C36d 1997/9 aCumhuriyet Halk Partisi (CHP)bGençlik Kolları aDoğu ve güneydoğu raporları aTunceli raporubEylül 1997cCHP Gençlik Kolları aAnkarabCHPcEylül 1997 a13 s.c21 sm. aCumhuriyet Halk Partisi yayınlarıpRaporlar aCHP Gençlik Kolları Eğitim dizisiv2 aCHP Gençlik Kolları'nın 30 Ağustos 1997 tarihinde başlayan Malatya-Elazığ-Urfa-Adıyaman ve Gaziantep illerini kapsayan gezilerinin gözlemleridir. a3 özgün ve 1 fotokopi örnek vardır. Yerel numaradaki sayılar, raporların sunulduğu ayları temsil eder : Ocak -1 ; Şubat -2 ; Mart -3 ; Nisan -4 ; Mayıs -5; Haziran -6 ; Temmuz-7 ; Ağustos -8 ; Eylül -9 ; Ekim -10 ; Kasım -11 ; Aralık -12 aTürkiye için barış -- Çatlı'ların da çetelerin de temel gıdası akan kardeş kanıdır - Terör - Tunceli'li sadece barış istiyor - Tunceli ormanı - Orman yangını - Tunceli'nin sosyo-ekonomik durumu aCHPxBölgesel kalkınma politikalarızDoğu ve Güneydoğu Anadolu Bölgesi aCHPxDoğu ve Güneydoğu politikaları aCHPxKürt sorunuyRaporlar aCHPxKürt sorunuyÇözüm önerileri aCHPxDoğu ve Güneydoğu sorunuyRaporlar aKürt sorunuxRaporlarzTürkiye aTerörizmxRaporlarzTürkiye aDoğu ve Güneydoğu Anadolu BölgesixSosyo ekonomik durumyRaporlar aTuncelixSosyo ekonomik durum aCHP Doğu ve Güneydoğu raporu, 1997 aCHP kürt sorunu raporu, 1997 aCHP terör sorunu raporu, 1997zTunceli aBaydar, ErhancCHP PM üyesi ve Genlik Kolları Başkanı aCHP raporları 2dcccBKS a0001b0001d2017-02-05e2l0oCHP 338.956622 C36d 1997/9p014021r2017-02-05 00:00:00tk.5v0.00w2017-02-05x Aynı metin daha büyük yazı ile yeniden yazılmıştır. (24 s.)yBKS c8847d8847